Quintessentially American Tableaus - Statistics

General Stats
  • This quiz has been taken 11 times
  • The average score is 13 of 15
Answer Stats
Hint Answer % Correct
Beyonce and an astronaut sharing some Tang at an Astros game. Houston TX
100%
Celine Dion and an Elvis impersonator getting quicky married after a night of drinking and gambling. Las Vegas NV
100%
Ad Rock and Spike Lee stop on their way to a Knicks game to take a selfie with a rat carrying a piece of pizza up the subway steps. New York NY
100%
Gritty and Darryl Hall enjoying a cheesesteak and flicking their bottlecaps at passers-by. Philadelphia PA
100%
Tom Robbins in his Berks and David Grohl in his Docs and flannel having veggie burgers and micro brews in the shadow of the Space Needle. Seattle WA
100%
Big Boi and Ceelo Green having sweet tea and fried chicken at Mary Mac's. Atlanta GA
86%
Bruce Springsteen and John Bon Jovi having hoagies on the boardwalk. Atlantic City NJ
86%
Ben Afleck and Matt Damon having clam chowdah on the steps of Fenway Park. Boston MA
86%
BB King and the ghost of Elvis eating BBQ ribs at BB's restaurant on Beale Street. Memphis TN
86%
Pitbull and Gloria Estefan doing Patron shots on the boat used for Detective Crockett's home scenes. Miami FL
86%
Ira Glass, Mike Ditka and the rapper Common knocking back some sliders together at the Billy Goat Tavern. Chicago IL
71%
Drew Carey and LeBron James chowing down some Parmageddons near the Rock&Roll Hall of Fame. Cleveland OH
71%
Dolly Parton eating a Googoo Cluster on the steps of the Grand Ole Oprey. Nashville TN
71%
Amy Mann and Carrie Brownstein having organic coffee on the steps of a lesbian bookstore. Portland OR
71%
John Hamm wiping some Provel cheese off his cheek in front of a statue of Maya Angelou, in the shadow of the Gateway Arch. St. Louis MO
71%
No matching quizzes found
Score Distribution
Percent of People with Each Score
Percentile by Number Answered
Your Score History
You have not taken this quiz